| 000 | 01612cam a22004334i 4500 | ||
|---|---|---|---|
| 003 | PE-LiUPU | ||
| 005 | 20250731173011.0 | ||
| 008 | 150623s r 000 0 d | ||
| 035 | _a(Sirsi) a22774 | ||
| 040 |
_aPE-LiUPU _bspa _cPE-LiUPU _erda |
||
| 082 | 0 | 4 |
_a221.008 _bAB _221 |
| 100 | 1 |
_aCaba, José, _eautor. |
|
| 245 | 1 | 3 |
_aLa oración de petición : _bestudio exegetico sobre los evangelios sinópticos y los escritos joaneos / _cJosé Caba. |
| 264 | 1 |
_aRoma : _bBiblical Institute Press, _c1974. |
|
| 300 |
_a389 páginas ; _c24 cm. |
||
| 336 |
_atext _2rdacontent |
||
| 337 |
_aunmediated _2rdamedia |
||
| 338 |
_avolume _2rdacarrier |
||
| 490 | 0 |
_aAnalecta Biblica ; _v62 |
|
| 504 | _aIncluye bibliografía. | ||
| 505 | 0 | _aConcepción de la oración de petición en los evangelios sinópticos. -Concepción de la oración de petición en los escritos joaneos. -Proceso de formación de la concepción evangélica sobre la oración de petición. | |
| 526 | _aSEG42 | ||
| 526 | _aSEG41 | ||
| 526 | _aSEG40 | ||
| 526 | _aSEG39 | ||
| 526 | _aP94 | ||
| 526 | _aP87 | ||
| 526 | _aP86 | ||
| 526 | _aP85 | ||
| 526 | _aP77 | ||
| 526 | _aP76 | ||
| 526 | _aP35 | ||
| 650 | 0 | 4 | _aOración. |
| 942 |
_2ddc _cBOOK |
||
| 949 |
_a221.008 AB _wDEWEY _c1 _i23312 _lCCODEBUL1 _mBUL _p00.00 _r0 _sY _tBOOK _u2015-06-24 _xTEOLOGIA _PP35 _0COMPRA _o.STAFF. Colección General |
||
| 596 | _a1 | ||
| 999 |
_a221.008 AB _wDEWEY _c23382 _i23312 _f2021-11-9 _g5 _lCCODEBUL1 _mBUL _r0 _sY _tBOOK _u2015-6-24 _xTEOLOGIA _PP35 _0COMPRA _o.STAFF. Colección General _d23382 |
||
| 980 |
_81 _gALBERTO SANCHEZ Responsable de Automatización |
||